Catálogo
 En Linea

Manual de inducción. (Registro nro. 28671)

Detalles MARC
000 -CABECERA
campo de control de longitud fija 00948nam a2200325 a 4500
001 - NÚMERO DE CONTROL
campo de control 000029179
003 - IDENTIFICADOR DEL NÚMERO DE CONTROL
campo de control OSt
005 - FECHA Y HORA DE LA ÚLTIMA TRANSACCIÓN
campo de control 20201130111109.0
007 - CAMPO FIJO DE DESCRIPCIÓN FÍSICA--INFORMACIÓN GENERAL
campo de control de longitud fija ta
008 - DATOS DE LONGITUD FIJA--INFORMACIÓN GENERAL
campo de control de longitud fija 110414n dr s001 0 spa d
040 ## - FUENTE DE LA CATALOGACIÓN
Centro catalogador/agencia de origen DO-SdBNP
Lengua de catalogación spa
Centro/agencia transcriptor BNPHU
041 ## - CÓDIGO DE LENGUA
Código de lengua original spa
049 ## - FONDOS LOCALES (OCLC)
Fondos de biblioteca BNPD
082 ## - NÚMERO DE LA CLASIFICACIÓN DECIMAL DEWEY
Número de clasificación xxx
Número de documento/Ítem R426ma
110 2# - ENTRADA PRINCIPAL--NOMBRE DE ENTIDAD CORPORATIVA
Nombre de entidad corporativa o nombre de jurisdicción como elemento de entrada República Dominicana .
Unidad subordinada Procuraduría General de República
9 (RLIN) 56099
245 00 - MENCIÓN DE TÍTULO
Título Manual de inducción.
260 ## - PUBLICACIÓN, DISTRIBUCIÓN, ETC.
Lugar de publicación, distribución, etc. Santo Domingo :
Nombre del editor, distribuidor, etc. Ministerio Público
Fecha de publicación, distribución, etc. [s.f.]
Nombre del editor, distribuidor, etc. Dirección de Gestión Humana,
300 ## - DESCRIPCIÓN FÍSICA
Extensión 20 p. ;
Dimensiones 22 cm.
505 1# - NOTA DE CONTENIDO CON FORMATO
Nota de contenido con formato Presentación.-
505 1# - NOTA DE CONTENIDO CON FORMATO
Nota de contenido con formato Nuestra historia.-
505 1# - NOTA DE CONTENIDO CON FORMATO
Nota de contenido con formato Visión.-
505 1# - NOTA DE CONTENIDO CON FORMATO
Nota de contenido con formato Misión.-
505 1# - NOTA DE CONTENIDO CON FORMATO
Nota de contenido con formato Principios.-
505 1# - NOTA DE CONTENIDO CON FORMATO
Nota de contenido con formato organigrama institucional.-
505 1# - NOTA DE CONTENIDO CON FORMATO
Nota de contenido con formato Estructura del Ministerio Público.-
505 1# - NOTA DE CONTENIDO CON FORMATO
Nota de contenido con formato Nuestras dependencias.-
505 1# - NOTA DE CONTENIDO CON FORMATO
Nota de contenido con formato Políticas y normas nacionales.-
505 1# - NOTA DE CONTENIDO CON FORMATO
Nota de contenido con formato Beneficios y renumeración.-
942 ## - ELEMENTOS DE PUNTO DE ACCESO ADICIONAL (KOHA)
Fuente del sistema de clasificación o colocación Dewey Decimal Classification
Tipo de ítem Koha Folleto
Existencias
Estado de retiro Estado de pérdida Fuente del sistema de clasificación o colocación No para préstamo Código de colección Localización permanente Ubicación/localización actual Ubicación en estantería Fecha de adquisición Número de inventario Total de préstamos Signatura topográfica completa Código de barras Fecha visto por última vez Precio válido a partir de Tipo de ítem Koha Fuente de adquisición Número de copia
    Dewey Decimal Classification Excluido de préstamo Patrimonio Dominicano Patrimonio Dominicano Patrimonio Dominicano En catalogación 14.04.2011 LF1   xxx R426ma 29179-10 25.06.2020 25.06.2020 Libro y Folleto Colección Patrimonio Dominicano    
    Dewey Decimal Classification Excluido de préstamo Patrimonio Dominicano Patrimonio Dominicano Patrimonio Dominicano   14.04.2011     xxx R426ma 29179-20 30.11.2020 30.11.2020 Libro y Folleto Colección Patrimonio Dominicano Depósito legal e.2

Con tecnología Koha